Information in the language sciences : (Record no. 61487)
[ view plain ]
| 000 -LEADER | |
|---|---|
| fixed length control field | 01204nam a2200289 a 4500 |
| 001 - CONTROL NUMBER | |
| control field | 61487 |
| 003 - CONTROL NUMBER IDENTIFIER | |
| rucl marc code | BD-RjUL |
| 005 - DATE AND TIME OF LATEST TRANSACTION | |
| control field | 20211209080953.0 |
| 008 - FIXED-LENGTH DATA ELEMENTS--GENERAL INFORMATION | |
| fixed length control field | 170118s1968 nyu 001 0 eng d |
| 035 ## - SYSTEM CONTROL NUMBER | |
| System control number | (BD-RjUL)61611 |
| 040 ## - CATALOGING SOURCE | |
| Original cataloging agency | DLC |
| Transcribing agency | DLC |
| Modifying agency | m.c. |
| -- | BD-RjUL |
| Language of cataloging | eng |
| 041 ## - LANGUAGE CODE | |
| Language code of text/sound track or separate title | eng |
| 082 ## - DEWEY DECIMAL CLASSIFICATION NUMBER | |
| Edition number | 23 |
| Classification number | 418.0078 |
| Author mark and year | INF 1968 |
| 245 00 - TITLE STATEMENT | |
| Title | Information in the language sciences : |
| Remainder of title | proceedings of the conference held at Airlie House, Warrenton, Virginia, March 4-6, 1966, under the sponsorship of the center applied linguistics / |
| Statement of responsibility, etc. | Edited by Robert R. Freeman, Alfred Pietrzyk and A. Hood Roberts. |
| 260 ## - PUBLICATION, DISTRIBUTION, ETC. (IMPRINT) | |
| Place of publication, distribution, etc. | New York : |
| Name of publisher, distributor, etc. | American Elsevier Pub. Co., |
| Date of publication, distribution, etc. | 1968. |
| 300 ## - PHYSICAL DESCRIPTION | |
| Pagination | xi, 247 p. ; |
| Size | 24 cm. |
| 490 1# - SERIES STATEMENT | |
| Series statement | Mathematical linguistics and automatic language processing ; |
| Volume/sequential designation | 5 |
| 500 ## - GENERAL NOTE | |
| General note | Includes Index |
| 650 #0 - SUBJECT ADDED ENTRY--TOPICAL TERM | |
| Topical term or geographic name as entry element | Computational linguistics. |
| 9 (RLIN) | 182498 |
| Topical term or geographic name as entry element | Information theory. |
| 9 (RLIN) | 183258 |
| 700 1# - ADDED ENTRY--PERSONAL NAME | |
| Personal name | Freeman, Robert R. |
| Personal name | Pietrzyk, Alfred. |
| Personal name | Roberts, A. Hood |
| Fuller form of name | (Aaron Hood), |
| Dates associated with a name | 1928- |
| 710 2# - ADDED ENTRY--CORPORATE NAME | |
| Corporate name or jurisdiction name as entry element | Center for Applied Linguistics. |
| 9 (RLIN) | 183262 |
| 830 #0 - SERIES ADDED ENTRY--UNIFORM TITLE | |
| Uniform title | Mathematical linguistics and automatic language processing ; |
| Volume number/sequential designation | 5. |
| 942 ## - ADDED ENTRY ELEMENTS (KOHA) | |
| Source of classification or shelving scheme | Dewey Decimal Classification |
| Koha item type | Books |
| Lost status | Source of classification or shelving scheme | Damaged status | Not for loan | Collection code | Permanent Location | Current Location | Shelving location | Date acquired | Total Checkouts | Full call number | Date last seen | Copy number | Koha item type |
|---|---|---|---|---|---|---|---|---|---|---|---|---|---|
| Dewey Decimal Classification | Not For Loan | Non-fiction | Central Library, University of Rajshahi | Central Library, University of Rajshahi | Reading Room | 01/07/1971 | 418.0078 INF 1968 | 18/01/2017 | C-1 | Books |